000 01152nam a22002897a 4500
005 20170613115511.0
010 _a1617EN ENG-116816
020 _a9788126553785
_c649.00
035 _a1617EN
035 _aB-650435-444
035 _aEN-100348
035 _aB-667466
037 _bBSB
082 _a658.3
100 _aDecenzo, David A.
245 _aHuman resource management :
_cby David A. Decenzo;Stephen P.Robbins [and] Susan L.Verhulst
_binternational student version /
250 _a11th ed
260 _c2016 (rp)
_aNew Delhi
_bJohn Wiley
270 _a4435-36/7, Ansari Road,Daryaganj
_bNew Delhi
_e110002
300 _c25cm(pbk) :
_axviii,424p
_bill.
500 _aIncludes index
700 _aRobbins, Stephen P.
700 _aVerhulst, Susan L.
942 _cEN
_2ddc
_h658.3
_mDEC
999 _c101858
_d101858